LIBRARY & INFORMATION CENTRE, KCAET, TAVANUR

ONLINE PUBLIC ACCESS CATALOGUE (OPAC)

Multilinqual technical dictionary on irrigation and drainage English-French (Record no. 6320)

MARC details
000 -LEADER
fixed length control field 00672cam a2200157ua 4500
020 ## - INTERNATIONAL STANDARD BOOK NUMBER
ISBN 81 85068 57 7
041 ## - LANGUAGE CODE
Language code of text/sound track or separate title eng
082 ## - DEWEY DECIMAL CLASSIFICATION NUMBER
Classification number 028.7362
Item number
245 ## - TITLE STATEMENT
Title Multilinqual technical dictionary on irrigation and drainage English-French
260 ## - PUBLICATION, DISTRIBUTION, ETC. (IMPRINT)
Place of publication :
Name of publisher International commission on irrigation ,
Year of publication 1996.
300 ## - PHYSICAL DESCRIPTION
Number of Pages 1262 ; .
942 ## - ADDED ENTRY ELEMENTS (KOHA)
Koha item type Books
Holdings
Withdrawn status Lost status Damaged status Home library Current library Date acquired Full call number Accession Number Koha item type
      KAUAET   07/04/2012 028.7362 20264 Books
free website counter